| 000 | 00502cam a2200169u 4500 | ||
|---|---|---|---|
| 082 |
_a629.253 _bJUD _cL-17, P-2 |
||
| 100 | 1 |
_aJudge, Arthur William, _941723 |
|
| 245 | 0 | 0 | _aCarburettors and fuel systems; |
| 250 | _a4th and rev. ed. | ||
| 260 |
_aLondon, _bChapman & Hall ltd., _c1941. |
||
| 300 |
_a440 p. _billus., diagrs. _c19 cm. |
||
| 526 |
_a0 _b0 _c0 _d629_253000000000000_JUD |
||
| 650 | 0 |
_aAutomobiles _xMotors. _944353 |
|
| 650 | 0 |
_aCarburetors. _944434 |
|
| 650 | 0 |
_aMCE _9379 |
|
| 942 |
_2ddc _cBK |
||
| 999 |
_c548220 _d548220 |
||